Дело об освобождении почетных смотрителей училищ от занятия по совместительству выборных должностей, связанных с частыми команди...

Доступно только в Электронных читальных залах Найти на картеНа карте
RUSMARC
00004085nmc2a2200000 x 450
001b6cac379-9838-400b-b901-45bd595074c9
00520160706005057.0
100##$a20150618l18281828k l0rusy0189 ca
1010#$arus
102##$aRU
2001#$aДело об освобождении почетных смотрителей училищ от занятия по совместительству выборных должностей, связанных с частыми командировками из города
$j30 августа - 1 сентября 1828 г.
251##$cДело
300##$aОриг. заголовок дела: Мнение министра о том, каким образом поступать, если почетные смотрители училищ будут избираемы дворянством в должности уездных предводителей, судей, исправников и заседателей. 30 августа 1828 г. - 1 сентября 1828 г
801#0$aRU
$bРГИА
$c20150618
$gRCR
801#1$aRU
$bГлавНИВЦ
$c20150618
$2rusmarc
801#2$aRU
$bПБ им. Б.Н. Ельцина
$c20160706
$gRCR
$2rusmarc
850##$aРГИА
852##$aРГИА
$eФедеральное казенное учреждение "Российский государственный исторический архив" (РГИА)
$j150
937##$hРГИА
$d11570504
$aASBIBLIO_SCAN
462#0$1001a25a632e-e298-49e9-af82-b99ccf4c5441
$12001
$a1818-1830 гг.
$1251
$cОпись
$1852
$j91
461#0$1001a74412a3-3cc5-4d21-8f0a-dfe2fbd9e72d
$12001
$aДепартамент народного просвещения Министерства народного просвещения (1803-1917)
$1251
$cФонд
$1852
$j733
215##$a5 л.
$d36,5x26 см
371##$aДокумент не является опубликованным и широко распространяемым
105##$aу###
1222#$ad
5171#$aМнение министра о том, каким образом поступать, если почетные смотрители училищ будут избираемы дворянством в должности уездных предводителей, судей, исправников и заседателей. 30 августа 1828 г. - 1 сентября 1828 г
035##$ab6cac379-9838-400b-b901-45bd595074c9
Формат отображения